Central Library OPAC University of Rajshahi

Comparative criminology : (Record no. 6976)

MARC details
000 -LEADER
fixed length control field 00836nam a2200277 a 4500
001 - CONTROL NUMBER
control field 6976
003 - CONTROL NUMBER IDENTIFIER
rucl marc code BD-RjUL
005 - DATE AND TIME OF LATEST TRANSACTION
control field 20211208234340.0
008 - FIXED-LENGTH DATA ELEMENTS--GENERAL INFORMATION
fixed length control field 170103m19661965enk b 001 0 eng
020 ## - INTERNATIONAL STANDARD BOOK NUMBER
International Standard Book Number 071003483
035 ## - SYSTEM CONTROL NUMBER
System control number (BD-RjUL)7018
040 ## - CATALOGING SOURCE
Original cataloging agency DLC
Transcribing agency YYP
Modifying agency BD-RjUL
Language of cataloging eng
041 ## - LANGUAGE CODE
Language code of text/sound track or separate title eng
082 04 - DEWEY DECIMAL CLASSIFICATION NUMBER
Edition number 23
Classification number 364
Author mark and year MAC 1966
100 1# - MAIN ENTRY--PERSONAL NAME
Personal name Mannheim, Hermann
9 (RLIN) 18601
245 10 - TITLE STATEMENT
Title Comparative criminology :
Remainder of title a text book /
Statement of responsibility, etc. Hermann Mannheim
260 ## - PUBLICATION, DISTRIBUTION, ETC. (IMPRINT)
Place of publication, distribution, etc. London :
Name of publisher, distributor, etc. Routledge & Kegan Paul,
Date of publication, distribution, etc. 1965 [Impression 1966]
300 ## - PHYSICAL DESCRIPTION
Pagination -v- ;
Size 22 cm.
490 1# - SERIES STATEMENT
Series statement International library of sociology and social reconstruction
504 ## - BIBLIOGRAPHY, ETC. NOTE
Bibliography, etc Includes bibliographies and indexes.
505 1# - FORMATTED CONTENTS NOTE
Formatted contents note V-i
650 #0 - SUBJECT ADDED ENTRY--TOPICAL TERM
Topical term or geographic name as entry element Criminology.
9 (RLIN) 21879
Topical term or geographic name as entry element Crime and criminals.
9 (RLIN) 181246
Topical term or geographic name as entry element Criminologie.
9 (RLIN) 181247
942 ## - ADDED ENTRY ELEMENTS (KOHA)
Source of classification or shelving scheme Dewey Decimal Classification
Koha item type Books
Holdings
Lost status Source of classification or shelving scheme Damaged status Not for loan Collection code Permanent Location Current Location Shelving location Date acquired Source of acquisition Cost, normal purchase price Total Checkouts Full call number Date last seen Copy number Koha item type
  Dewey Decimal Classification   Not For Loan Non-fiction Central Library, University of Rajshahi Central Library, University of Rajshahi Reading Room 01/02/1975 Johnathan Wren and co. 3.50   364 MAC V-2 1970 13/01/2014 C-1 Books
  Dewey Decimal Classification     Non-fiction Central Library, University of Rajshahi Central Library, University of Rajshahi   01/02/1975 johanthan wren and co. 3.50   364 MAC V-1 1966 20/09/2016 C-2 Books
  Dewey Decimal Classification     Non-fiction Central Library, University of Rajshahi Central Library, University of Rajshahi Reading Room 15/08/1973 book view 112.50   364 MAC V-1 1966 03/01/2017 C-1 Books